Bút ký Tô Hoài /
Wedi'i Gadw mewn:
| Prif Awdur: | |
|---|---|
| Fformat: | Sách giấy |
| Iaith: | Vietnamese |
| Cyhoeddwyd: |
Hà Nội :
Hà Nội ,
1998
|
| Tagiau: |
Ychwanegu Tag
Dim Tagiau, Byddwch y cyntaf i dagio'r cofnod hwn!
|
| Thư viện lưu trữ: | Thư viện Trường Đại học Đà Lạt |
|---|
| LEADER | 00526nam a2200241 4500 | ||
|---|---|---|---|
| 001 | DLU020009089 | ||
| 005 | ##9/22/1999 | ||
| 041 | # | # | |a vie |
| 082 | # | # | |a TV |b TO-H |
| 090 | # | # | |a TV |b TO-H |
| 100 | # | # | |a Tô Hoài |
| 245 | # | # | |a Bút ký Tô Hoài / |c Tô Hoài |
| 260 | # | # | |a Hà Nội : |b Hà Nội , |c 1998 |
| 300 | # | # | |a 424 tr.; |c 16 cm. |
| 992 | # | # | |a 34200 |
| 994 | # | # | |a DLU |
| 900 | # | # | |a False |
| 911 | # | # | |a Administrator |
| 925 | # | # | |a G |
| 926 | # | # | |a A |
| 927 | # | # | |a SH |
| 980 | # | # | |a Thư viện Trường Đại học Đà Lạt |